| 000 | 01329nam a2200361 a 4500 | ||
|---|---|---|---|
| 003 | CHAP | ||
| 005 | 20220817044111.0 | ||
| 008 | 060503d1994 mx r 10100 spa d | ||
| 010 | _a92144 | ||
| 011 | _a93116 | ||
| 020 | _a9688842915 | ||
| 035 | _a103687 | ||
| 040 | _cCHAP | ||
| 082 | 0 | 4 |
_a581.508 _bS6 |
| 111 | 2 |
_aSimposium Internacional sobre Etnobotánica en Mesoamerica "Efraím Hernández X." ( _d1994 : _cChapingo, Méx.) _9106458 |
|
| 245 | 1 | 0 |
_aMemorias _c/ed. por Jesús Axayacatl Cuevas Sánchez, Erick Estrada Lugo y Ernestina Cedillo Portugal |
| 260 |
_aChapingo, Méx. : _bUACH. Programa Nacional de Etnobotánica, _c1994. |
||
| 300 |
_a214 h. ; _bgráfs. |
||
| 590 |
_aBATCH-UPD _b10 _c20130110 _lUCH01 _h0552 |
||
| 590 |
_aBATCH-UPD _b10 _c20130410 _lUCH01 _h0234 |
||
| 590 |
_aBATCH-UPD _b10 _c20130914 _lUCH01 _h0747 |
||
| 590 |
_aCONVERSION _b10 _c20130109 _lUCH01 _h1351 |
||
| 650 | 1 | 4 |
_aBotánica médica _xCongresos. _914682 |
| 650 | 1 | 4 |
_aEtnobotánica. _938611 |
| 650 | 1 | 4 |
_aGenética vegetal _xCongresos. |
| 700 | 0 |
_aCedillo Portugal, Ernestina. _920850 |
|
| 700 | 0 |
_aCuevas Sánchez, Jesús Axayácatl. _930185 |
|
| 700 | 0 |
_aEstrada Lugo, Erick. _938404 |
|
| 901 | _aBK | ||
| 905 | _aAlejandra Carrasco M. | ||
| 942 | _cLIBRO | ||
| 949 |
_a581.508 S6 _bBC _cUACH _d33724000985966 _eUACH _h107717 _i103687 _sb |
||
| 999 |
_c92144 _d92144 |
||